000 00570nam a2200229Ia 4500
003 OSt
005 20220924152940.0
006 a|||||r|||| 00| 0
007 ta
008 220923b |||||||| |||| 00| 0 guj d
024 _a346019
037 _cTextual
040 _aARTS
_cARTS
_bguj
041 _2guj
_aguj
082 _aO156,1NDA2,1, K8
100 _aDave Mahesh
_9227881
245 0 _aBijo soorya
260 _c1968
650 _aGUJRATI LITERATURE
942 _hO156,1NDA2,1, K8
_cTEXL
_2CC
999 _c471672
_d471672